| 000 | 00522nam a22001817a 4500 | ||
|---|---|---|---|
| 005 | 20251108170045.0 | ||
| 008 | 250721s1991 xx 000 0 ara d | ||
| 082 | 1 | 4 | _a355.02/بره |
| 100 | 1 | _aبرهوم، محمود | |
| 245 | 1 | 0 |
_aنافذة على أزمة الخليج : _bخفايا و حقائق / |
| 264 | 1 |
_aعمان : _bمركز الفارس، _c1991. |
|
| 300 | _a176ص. | ||
| 650 | 1 | 7 | _aحرب الخليج 1991 |
| 650 | 1 | 7 | _aالعراق |
| 650 | 1 | 7 | _aالكويت |
| 942 |
_2ddc _cBK |
||
| 999 |
_c38622 _d38622 |
||